Arponeros de la trampa del sol : (Registro nro. 1477)
[ vista simple ]
| 000 -CABECERA | |
|---|---|
| Campo de control | 01176nam a2200313 a 4500 |
| 005 - FECHA Y HORA DE LA ULTIMA TRANSACCION | |
| Campo de control | 20160331101742.0 |
| 008 - ELEMENTOS DE LONGITUD FIJA—INFORMACION GENERAL | |
| Campo de control | 140227t1999 ck abd fr|||| 00| 0 spa d |
| 020 ## - ISBN | |
| ISBN | 958953781 (Estudios en la amazonia Colombiana) |
| 020 ## - ISBN | |
| ISBN | 9589365086 (Volumen XVIII) |
| 040 ## - FUENTE DE CATALOGACIÓN | |
| Agencia catalogadora original | CO-BoIAVH |
| Agencia transcriptora | CO-BoIAVH |
| 041 0# - IDIOMA | |
| Código de idioma para texto/pista de sonido o título separado | Español |
| 044 ## - PAÍS DE PUBLICACIÓN | |
| País de publicación | Colombia |
| 090 ## - CLASIFICACIÓN LOCAL | |
| Colección | RE- |
| Consecutivo | 00060 |
| 100 1# - ASIENTO PRINCIPAL--NOMBRE PERSONAL | |
| Nombre personal | Rodríguez Fernández, Carlos Alberto |
| 9 (RLIN) | 6869 |
| 245 10 - MENCION DE TITULO | |
| Título | Arponeros de la trampa del sol : |
| Parte restante del título | sustentabilidad de la pesca comercial en el medio río Caquetá |
| 246 01 - FORMA VARIANTE DEL TITULO | |
| Título propiamente dicho/forma breve del título | Harpooners of the trap of the sun : |
| Parte restante del título | sustainability of commercial fisheries in the middle Caquetá |
| 250 ## - MENCION DE EDICION | |
| Mención de edición | Primera edición |
| 260 ## - PUBLICACION, DISTRIBUCION, ETC. (PIE DE IMPRENTA) | |
| Lugar de publicación, distribución, etc. | Bogotá : |
| Nombre del editor, distribuidor, etc. | Tropenbos Colombia, |
| Fecha de publicación, distribución, etc. | c1999. |
| 300 ## - DESCRIPCION FISICA | |
| Extensión | 202 páginas : |
| Otros detalles físicos | Ilustraciones, mapas gráficas ; |
| Dimensiones | 24 x 17 cm. |
| 490 0# - MENCION DE SERIE | |
| Mención de serie | Estudios en la amazonia Colombiana |
| Designación numérica/secuencial del volumen | 18 |
| 650 #6 - ASIENTO SECUNDARIO DE MATERIA - TERMINO TEMATICO | |
| Término temático o nombre geográfico como elemento de entrada | Sostenibilidad |
| 9 (RLIN) | 64682 |
| 650 #6 - ASIENTO SECUNDARIO DE MATERIA - TERMINO TEMATICO | |
| Término temático o nombre geográfico como elemento de entrada | Pesca |
| 9 (RLIN) | 64683 |
| 650 #6 - ASIENTO SECUNDARIO DE MATERIA - TERMINO TEMATICO | |
| Término temático o nombre geográfico como elemento de entrada | Comercio de especies |
| 9 (RLIN) | 4307 |
| 650 #6 - ASIENTO SECUNDARIO DE MATERIA - TERMINO TEMATICO | |
| Término temático o nombre geográfico como elemento de entrada | Aspectos socioculturales |
| 9 (RLIN) | 2478 |
| 650 #6 - ASIENTO SECUNDARIO DE MATERIA - TERMINO TEMATICO | |
| Término temático o nombre geográfico como elemento de entrada | Aspectos socioeconómicos |
| 9 (RLIN) | 64684 |
| 650 #4 - ASIENTO SECUNDARIO DE MATERIA - TERMINO TEMATICO | |
| Término temático o nombre geográfico como elemento de entrada | Pesca comercial |
| 9 (RLIN) | 49496 |
| 662 ## - ASIENTO SECUNDARIO DE MATERIA - JERARQUIA DEL NOMBRE DE LUGAR( | |
| País o entidad mayor | Colombia |
| Jurisdicción política intermedia | Río Caquetá |
| Jurisdicción política de primer orden | Amazonas |
| 942 ## - ELEMENTOS ADICIONALES (KOHA) | |
| Tipo de ítem | Libro |
| Sistema de clasificación | Dewey Decimal Classification |
| Withdrawn status | Lost status | Sistema de Clasificación | Damaged status | No para préstamo | Colección | Inventariado | Ubicación Permanente | Ubicación actual | Fecha de adquisición | Fuente de Valor | Valor | Total Checkouts | Número topográfico | Inventario / Código de Barras | Date last seen | Ejemplar | Price effective from | Forma de adquisición | Tipo de material |
|---|---|---|---|---|---|---|---|---|---|---|---|---|---|---|---|---|---|---|---|
| Dewey Decimal Classification | General | Inventariado 2017 | Bogotá | Bogotá | 01/09/1999 | Instituto | 39000.00 | LB-338.3727 R69a | 002033 | 04/12/2012 | Ej. 1 | 04/12/2012 | Libro | ||||||
| Local | General | Inventariado 2017 | Sala Fabio Quevedo | Sala Fabio Quevedo | 14/11/2001 | Instituto | 39000.00 | RE-00060 | 004836 | 04/12/2012 | T-18 Ej. 2 | 04/12/2012 | Libro |